| 000 | 00522nam a22001937a 4500 | ||
|---|---|---|---|
| 005 | 20260423152354.0 | ||
| 008 | 260423b |||||||| |||| 00| 0 eng d | ||
| 020 |
_a9783319791999 _c9524.54 |
||
| 040 | _aMAIN | ||
| 041 | _aEnglish | ||
| 082 |
_a560 _bPRA |
||
| 100 |
_aSaraswati, Pratul Kumar _926711 |
||
| 245 | _aMicropaleontology Principles and Application | ||
| 260 |
_aSwitzerland _bSpringer _c2016 |
||
| 300 | _a224 | ||
| 650 |
_aGeology (PM USHA) _926712 |
||
| 700 |
_aSrinivasan, M.S. _924522 |
||
| 942 | _cBK | ||
| 999 |
_c60708 _d60708 |
||